Veřejné statky a selhání trhu: rakouská perspektiva
Analýza verejných statkov a externalít. Kritika neoklasickej teórie verejných statkov a externalít predstaviteľmi tzv. rakúskej ekonomickej školy.
Saved in:
| Main Author: | |
|---|---|
| Format: | Book Chapter |
| Language: | Czech |
| Subjects: | |
| Tags: |
No Tags, Be the first to tag this record!
|
MARC
| LEADER | 00000naa a2200000 4500 | ||
|---|---|---|---|
| 001 | r018151 | ||
| 005 | 20221205101717.0 | ||
| 041 | 0 | |a cze | |
| 044 | |a CZ | ||
| 245 | 1 | 0 | |a Veřejné statky a selhání trhu: rakouská perspektiva |c J. Kinkor |
| 520 | |a Analýza verejných statkov a externalít. Kritika neoklasickej teórie verejných statkov a externalít predstaviteľmi tzv. rakúskej ekonomickej školy. | ||
| 610 | 2 | 0 | |a statky verejné |
| 610 | 2 | 0 | |a financie verejné |
| 610 | 2 | 0 | |a zlyhanie trhu |
| 610 | 2 | 0 | |a Rakúska škola |
| 610 | 2 | 0 | |a externality |
| 610 | 2 | 0 | |a trh |
| 100 | 1 | |a Kinkor, Jiří | |